000 00528nam a22001937a 4500
003 KOHA_MİRAKIL
005 20251221164830.0
008 251221b tu ||||| |||| 00| 0 tur d
020 _a9786051963075
040 _aTR-AnABB
_btur
_cTR-AnABB
041 _atur
082 _a939.2
_bKAR 2019
100 1 _aKarauğuz, Güngör,
245 1 0 _aHititlerde haberleşme /
_cGüngör Karauğuz
260 _aAnkara :
_bÇizgi Yayınevi,
_c2019
300 _a152 sayfa ;
_c22 cm
650 0 4 _aHititler
942 _2ddc
_cBK
999 _c9877
_d9877
900 _bGizem YORULMAZ